000 00384 a2200145 4500
001 170638
020 _a
040 _cMagnum
100 _aAgencia Regional de Noticias
240 1 0 _aClipping em educacao - 09/07/01 a 15/07/01 - ano ii - nº 95
_lpor
245 1 0 _aClipping em educacao - 09/07/01 a 15/07/01 - ano ii - nº 95
362 0 _a1899
697 _aENSINO
942 _cBK
999 _c170638
_d170638